Watches Houses - Medium Level - Statistics

General Stats
  • This quiz has been taken 109 times
  • The average score is 8 of 16
Answer Stats
Picture Answer % Correct
Cartier
93%
Richard Mille
93%
Patek Philippe
84%
Jaeger-LeCoultre
69%
LVMH
69%
Audemars Piguet
58%
BVLGARI
53%
Breguet
48%
Piaget
40%
Grand Seiko
39%
F.P Journe
36%
Richemont
33%
Daniel Roth
20%
De Bethune
18%
AHCI
8%
L'épée 1839
6%
No matching quizzes found
Score Distribution
Percent of People with Each Score
Percentile by Number Answered
Your Score History
You have not taken this quiz